Wichtige essbare Pilze - Statistiken

Allgemein
  • Dieses Quiz wurde 304 mal gespielt
  • Das Durchschnittsergebnis liegt bei 5 aus 15
Antwortstatistiken
Bildquiz Antwort % Korrekt
Steinpilz
98%
Pfifferling
86%
Birkenpilz
45%
Krause Glucke
45%
Maronen-Röhrling
34%
Rotkappe
32%
Rotfußröhrling
24%
Austernseitling
23%
Judasohr
23%
Perlpilz
22%
Stockschwämmchen
21%
Semmelstoppelpilz
17%
Violetter Rötelritterling
9%
Gallertiger Zitterzahn
1%
Graublättriger Schwefelkopf
1%
Keine übereinstimmenden Quizze gefunden
Verteilung der Resultate
Anzahl Personen mit jedem Resultat
Perzentil nach korrekt beantworteten Fragen
Ihre Resultats-Entwicklung
Sie haben dieses Quiz noch nicht gespielt